[Event "Washington International 2012"]
[Site "Rockville USA"]
[Date "2012.07.29"]
[Round "4"]
[White "Bodek,Michael H"]
[Black "Hunt,A"]
[Result "1/2-1/2"]
[WhiteElo "2324"]
[BlackElo "2447"]

1.e4 c5 2.Nf3 d6 3.d4 cxd4 4.Nxd4 Nf6 5.Nc3 a6 6.f3 e5 7.Nb3 Be6 8.Be3 Be7
9.Qd2 O-O 10.O-O-O a5 11.Bb5 Na6 12.Qe2 Nc7 13.Bb6 Qb8 14.Ba4 Rc8 15.Bxa5 b6
16.Bb4 Na6 17.Ba3 Bc4 18.Qd2 b5 19.Bxb5 Bxb5 20.Bxd6 Bxd6 21.Qxd6 Bc4 22.Na5 Nb4
23.Qxb8 Raxb8 24.Nxc4 Rxc4 25.a3 Nc6 26.Nd5 Nd4 27.Ne3 Rc6 28.c3 Ne2+ 29.Kc2 Nd4+
30.Kc1 Ne2+ 31.Kc2 Nd4+  1/2-1/2

[Event "Tabor Open 2012"]
[Site "Tabor CZE"]
[Date "2012.07.29"]
[Round "1.8"]
[White "Plischki,S"]
[Black "Malcanek,J"]
[Result "1-0"]
[WhiteElo "2365"]
[BlackElo "1907"]

1.e4 c5 2.Nf3 d6 3.d4 cxd4 4.Nxd4 Nf6 5.Nc3 a6 6.f3 e5 7.Nb3 Be6 8.Be3 Nbd7
9.g4 Nb6 10.g5 Nfd7 11.Qd2 Be7 12.O-O-O Rc8 13.Kb1 O-O 14.h4 f5 15.gxf6 Nxf6
16.Bxb6 Qxb6 17.Bh3 Bxh3 18.Rxh3 Kh8 19.h5 Qc7 20.Nc1 Qd7 21.Rh2 Qe6 22.Qe3 Qf7
23.h6 g6 24.Rd3 Nd7 25.Nd5 Nc5 26.Rc3 Ne6 27.Rxc8 Rxc8 28.Qb6 Bf8 29.Qe3 Be7
30.Rg2 Bf8 31.Ne2 g5 32.Rh2 Nf4 33.Nexf4 gxf4 34.Qg1 Qg6 35.Rg2 Qf7 36.Qh2 Re8
37.Rg5 Re6 38.Rh5 Rg6 39.a3 Qe6 40.Rf5 Bxh6 41.Qh4 Rg1+ 42.Ka2 Qc8 43.Nb6 Qg8+
44.c4 Bg5 45.Qf2 Bd8 46.Nd5 Rg5 47.Qa7 Rxf5 48.exf5 b5 49.Qxa6 bxc4 50.Qxd6 c3
51.Qxe5+ Qg7 52.f6 Bxf6 53.Qe8+ Qg8 54.Qxg8+ Kxg8 55.Nxf6+ Kf7 56.Ng4 Ke6
57.b4  1-0

[Event "10th EU U14 2012"]
[Site "Mureck AUT"]
[Date "2012.08.04"]
[Round "4.15"]
[White "Ramadani,S"]
[Black "Dodu,Iulian Laurentiu"]
[Result "1-0"]
[WhiteElo "1722"]
[BlackElo "1839"]

1.e4 c5 2.Nf3 d6 3.d4 cxd4 4.Nxd4 Nf6 5.Nc3 a6 6.f3 e6 7.Be3 Bd7 8.Qd2 b5
9.g4 Nc6 10.h4 Rc8 11.h5 h6 12.Qg2 Nh7 13.f4 Be7 14.Nxc6 Bxc6 15.Bd3 b4 16.Bxa6 bxc3
17.Bxc8 cxb2 18.Rb1 Qxc8 19.Rxb2 O-O 20.O-O Nf6 21.g5 Bxe4 22.Qe2 Nd5 23.Bd4 f5
24.gxh6 Bf6 25.Bxf6 Rxf6 26.hxg7 Qc3 27.Rb8+ Kxg7 28.Kh2 Qxc2 29.Rg1+ Kh7
30.Qxc2 Bxc2 31.Rgg8 Ne7 32.Rge8 Kh6 33.Rxe7 Kxh5 34.Rg7 e5 35.Rh8+ Rh6 36.Rg5+  1-0

[Event "16th HZ Open"]
[Site "Vlissingen NED"]
[Date "2012.08.06"]
[Round "4"]
[White "Hulpia,F"]
[Black "Sandipan,C"]
[Result "0-1"]
[WhiteElo "2090"]
[BlackElo "2611"]

1.e4 c5 2.Nf3 d6 3.d4 cxd4 4.Nxd4 Nf6 5.Nc3 a6 6.f3 e6 7.Be3 b5 8.Qd2 b4
9.Na4 Nbd7 10.Bc4 Ne5 11.Bb3 Rb8 12.O-O Bd7 13.c3 a5 14.Rae1 Be7 15.f4 Neg4
16.Qd1 Nxe3 17.Rxe3 O-O 18.Kh1 g6 19.f5 gxf5 20.exf5 e5 21.Ne2 Bc6 22.Ng3 Kh8
23.Nh5 Rg8 24.Rg3 Nxh5 25.Qxh5 Bh4 26.Bxf7 Bxg3 27.hxg3 Rxg3 28.Bg6 Qg8 29.Kh2 Rxg2+  0-1

[Event "Miguel Najdorf Open A"]
[Site "Warsaw POL"]
[Date "2012.08.06"]
[Round "1.24"]
[White "Doluhanova,E"]
[Black "Rytarowski,K"]
[Result "1-0"]
[WhiteElo "2219"]
[BlackElo "2005"]

1.e4 c5 2.Nf3 d6 3.d4 cxd4 4.Nxd4 Nf6 5.Nc3 a6 6.f3 e5 7.Nb3 Be6 8.Be3 Nbd7
9.Qd2 Be7 10.O-O-O O-O 11.g4 Nb6 12.g5 Nfd7 13.h4 Rc8 14.Kb1 Qc7 15.Rh2 Rfd8
16.Nd5 Nxd5 17.exd5 Bf5 18.Bd3 Bxd3 19.Qxd3 Qc4 20.Qxc4 Rxc4 21.Na5 Ra4 22.Bd2 Rb8
23.b4 Nb6 24.Kb2 Nxd5 25.a3 b5 26.Nc6 Rc8 27.Bc1 Rxc6 28.Rxd5 f6 29.f4 Kf7
30.f5 Rc4 31.gxf6 gxf6 32.Kb3 Rg4 33.Rh3 Rg1 34.Bb2 Rf1 35.c4 Rxf5 36.Bc3 Ke6
37.cxb5 Rxa3+ 38.Kxa3 Kxd5 39.bxa6 Kc6 40.b5+ Kb6 41.Ba5+ Ka7 42.Rc3 d5+
43.Bb4 Bxb4+ 44.Kxb4 Rf1 45.Rc7+ Kb8 46.Rb7+ Kc8 47.Rxh7 e4 48.a7 Ra1 49.b6  1-0

[Event "16th HZ Open"]
[Site "Vlissingen NED"]
[Date "2012.08.08"]
[Round "6"]
[White "Timmermans,M"]
[Black "Van Delft,M"]
[Result "1/2-1/2"]
[WhiteElo "2221"]
[BlackElo "2391"]

1.e4 c5 2.Nf3 d6 3.d4 cxd4 4.Nxd4 Nf6 5.Nc3 a6 6.f3 Qb6 7.g4 Nc6 8.Nb3 e6
9.Qe2 Be7 10.Be3 Qc7 11.O-O-O b5 12.g5 Nd7 13.h4 Nb6 14.Kb1 b4 15.Qf2 bxc3
16.Bxb6 Qb8 17.Bd4 Nxd4 18.Qxd4 O-O 19.Qxc3 Bd7 20.Nc5 Bc8 21.Nb3 Bd7 22.Nc5  1/2-1/2

[Event "XIII Miquel Mas Open"]
[Site "Figueres ESP"]
[Date "2012.08.12"]
[Round "4.1"]
[White "Aroshidze,L"]
[Black "Forcen Esteban,D"]
[Result "1/2-1/2"]
[WhiteElo "2568"]
[BlackElo "2440"]

1.e4 c5 2.Nf3 d6 3.d4 cxd4 4.Nxd4 Nf6 5.Nc3 a6 6.f3 e5 7.Nb3 Be6 8.Be3 Be7
9.Qd2 O-O 10.O-O-O Nbd7 11.g4 b5 12.g5 Nh5 13.Nd5 Bxd5 14.exd5 f6 15.gxf6 Bxf6
16.Na5 Qe8 17.Nb7 Qb8 18.Na5 Qe8 19.Nb7 Qb8  1/2-1/2

[Event "28th Geraardsbergen Open"]
[Site "Geraardsbergen BEL"]
[Date "2012.08.12"]
[Round "4.9"]
[White "Versporten,W"]
[Black "Van Mechelen,J"]
[Result "0-1"]
[WhiteElo "2077"]
[BlackElo "2222"]

1.e4 c5 2.Nf3 d6 3.d4 cxd4 4.Nxd4 Nf6 5.Nc3 a6 6.f3 g6 7.Be3 b5 8.Qd2 Bb7
9.O-O-O Nbd7 10.h4 h6 11.g4 Rc8 12.Kb1 Nb6 13.Rh3 b4 14.Nce2 Nc4 15.Qc1 Nxe3
16.Qxe3 e5 17.Nb3 Qc7 18.c4 bxc3 19.Nxc3 d5 20.g5 d4 21.Nxd4 Bc5 22.Ndb5 axb5
23.Bxb5+ Kf8 24.Qd2 hxg5 25.Qxg5 Be7  0-1

[Event "Miguel Najdorf Open A"]
[Site "Warsaw POL"]
[Date "2012.08.12"]
[Round "7.3"]
[White "Licznerski,L"]
[Black "Dragun,K"]
[Result "0-1"]
[WhiteElo "2282"]
[BlackElo "2465"]

1.e4 c5 2.Nf3 d6 3.d4 cxd4 4.Nxd4 Nf6 5.Nc3 a6 6.f3 e5 7.Nb3 Be6 8.Be3 Be7
9.Qd2 O-O 10.O-O-O a5 11.Bb5 Nc6 12.Kb1 Qb8 13.Nd5 Bxd5 14.exd5 Nb4 15.c4 Bd8
16.a3 Na6 17.Nxa5 Nc7 18.Nb3 Nfxd5 19.cxd5 Nxb5 20.Qb4 Na7 21.g4 b5 22.Na5 Bxa5
23.Qxa5 Nc8 24.Qb4 Qb7 25.Rd3 Ra4 26.Qb3 Ne7 27.Rc1 h6 28.Bd2 Rd4 29.Bb4 Qxd5
30.Qxd5 Nxd5 31.Rxd4 exd4 32.Bxd6 Rd8 33.Bc5 Nf4 34.Rd1 Ne6 35.Bb4 h5 36.gxh5 Kh7
37.Kc2 Rd5 38.b3 Rxh5 39.Rd2 Kg6 40.a4 bxa4 41.bxa4 Kf5 42.a5 Rh8 43.Kd3 Ke5
44.Kc4 Rc8+ 45.Kb5 Kd5 46.Be7 Rb8+ 47.Ka6 Rb3 48.Ka7 d3 49.Bh4 Nd4 50.Bf2 Nxf3
51.Rd1 Ne5 52.Bg3 Nc4 53.a6 Ke4 54.Ka8 d2 55.Be1 dxe1=Q 56.Rxe1+ Kd5 57.Re7 Nd6
58.a7 Rh3 59.Kb8 Rh8+ 60.Kc7 Ra8  0-1

[Event "2nd Metropolitan International"]
[Site "Los Angeles USA"]
[Date "2012.08.15"]
[Round "2"]
[White "Viswanadha,Kesav"]
[Black "Yanayt,E"]
[Result "0-1"]
[WhiteElo "2066"]
[BlackElo "2266"]

1.e4 c5 2.Nf3 d6 3.d4 cxd4 4.Nxd4 Nf6 5.Nc3 a6 6.f3 e5 7.Nb3 Be6 8.Be3 Be7
9.Qd2 O-O 10.O-O-O Qc7 11.g4 Nbd7 12.Qf2 b5 13.g5 Nh5 14.Kb1 Rfb8 15.Nd5 Bxd5
16.Rxd5 Nb6 17.Rd3 Nc4 18.Rc3 a5 19.h4 Qb7 20.Bc1 d5 21.exd5 Qxd5 22.Rd3 Qc6
23.Rd1 a4 24.Bxc4 bxc4 25.Nd2 Bc5 26.Qh2 Bd4 27.Ne4 c3 28.Rxd4 exd4 29.b3 axb3
30.cxb3 d3 31.Be3 Rxb3+ 32.axb3 Qa6 33.Ba7 Qxa7  0-1

[Event "2nd Metropolitan International"]
[Site "Los Angeles USA"]
[Date "2012.08.16"]
[Round "4"]
[White "Krishnan,V"]
[Black "Amanov,M"]
[Result "0-1"]
[WhiteElo "2146"]
[BlackElo "2516"]

1.e4 c5 2.Nf3 d6 3.d4 cxd4 4.Nxd4 Nf6 5.Nc3 a6 6.f3 e5 7.Nb3 Be6 8.Be3 Be7
9.Qd2 h5 10.O-O-O Nbd7 11.Nd5 Nxd5 12.exd5 Bf5 13.Bd3 Bxd3 14.Qxd3 Bg5 15.Kb1 Bxe3
16.Qxe3 Rc8 17.f4 O-O 18.Qe2 Qc7 19.c3 Qc4 20.Qxh5 Qxf4 21.Rhf1 Qe4+ 22.Ka1 Nc5
23.Rfe1 Nxb3+ 24.axb3 Qc2 25.Re3 g6 26.Rg3 Rc5 27.b4 Rc4 28.Rf1 Rf4 29.Qd1 Rxf1
30.Qxf1 Kg7 31.Qd3 Qxd3 32.Rxd3 e4 33.Re3 f5 34.Kb1 Kf6 35.Kc2 Ke5 36.c4 Kd4
37.Rc3 f4 38.Kd2 g5 39.h3 Rc8 40.g3 Rxc4 41.gxf4 gxf4 42.h4 Rxc3 43.bxc3+ Kxd5
44.c4+ Ke5 45.Kc3 f3 46.Kd2 f2 47.Ke2 e3 48.h5 Kf6  0-1

[Event "2nd Metropolitan International"]
[Site "Los Angeles USA"]
[Date "2012.08.17"]
[Round "6"]
[White "Viswanadha,Kesav"]
[Black "Kong,Dezheng"]
[Result "0-1"]
[WhiteElo "2066"]
[BlackElo "2051"]

1.e4 c5 2.Nf3 d6 3.d4 cxd4 4.Nxd4 Nf6 5.Nc3 a6 6.f3 e5 7.Nb3 Be6 8.Be3 Be7
9.Qd2 O-O 10.O-O-O Nbd7 11.g4 b5 12.g5 b4 13.Ne2 Ne8 14.f4 a5 15.f5 Bxb3
16.cxb3 a4 17.bxa4 Rxa4 18.b3 Ra5 19.Kb1 d5 20.exd5 Bc5 21.Bg2 Nd6 22.Ng3 Qa8
23.Bxc5 Nxc5 24.Qb2 Nb5 25.Ne2 Nc3+ 26.Nxc3 bxc3 27.Qxc3 Rxa2 28.Qxc5 Rxg2
29.Qc3 Qa2+ 30.Kc1 Ra8 31.Rd2 Rxd2 32.Qxd2 Qa1+ 33.Kc2 Ra2+  0-1

[Event "EY Boys U18 2012"]
[Site "Prague CZE"]
[Date "2012.08.17"]
[Round "1.37"]
[White "Franklin,S"]
[Black "Konvicka,Martin"]
[Result "1-0"]
[WhiteElo "2264"]
[BlackElo "1937"]

1.e4 c5 2.Nf3 d6 3.d4 cxd4 4.Nxd4 Nf6 5.Nc3 a6 6.f3 e5 7.Nb3 Be6 8.Be3 Be7
9.Qd2 O-O 10.O-O-O Nbd7 11.g4 b5 12.g5 b4 13.Ne2 Ne8 14.f4 a5 15.f5 Bxb3
16.cxb3 a4 17.bxa4 Rxa4 18.Kb1 Rxa2 19.Nc1 Ra4 20.Nb3 Nc7 21.Bc4 Qa8 22.Qg2 Rc8
23.f6 d5 24.Bxd5 Nxd5 25.Rxd5 Nc5 26.Bxc5 Bxc5 27.Rxc5 Rxc5 28.Nxc5 Ra1+
29.Kc2 b3+ 30.Kd3 Qd8+ 31.Ke2 Ra2 32.Nd3 Qd4 33.Rd1 Ra4 34.Qf3 Rc4 35.Rd2 Qg1
36.Nf2 Rc2 37.Qd3 gxf6 38.gxf6 Rxd2+ 39.Qxd2 h5 40.Qd3 Qxh2 41.Qd8+ Kh7 42.Qf8  1-0

[Event "2nd Isthmia Open A"]
[Site "Korinthia GRE"]
[Date "2012.08.19"]
[Round "2.11"]
[White "Kokolias,K"]
[Black "Shyam,SM"]
[Result "0-1"]
[WhiteElo "2205"]
[BlackElo "2486"]

1.e4 c5 2.Nf3 d6 3.d4 cxd4 4.Nxd4 Nf6 5.Nc3 a6 6.f3 e5 7.Nb3 Be6 8.Be3 Be7
9.Qd2 O-O 10.g4 d5 11.exd5 Nxd5 12.Nxd5 Bh4+ 13.Bf2 Bxd5 14.Bxh4 Qxh4+ 15.Qf2 Qf6
16.Be2 Nc6 17.O-O-O Qf4+ 18.Kb1 Rad8 19.Rhf1 Rfe8 20.Bd3 g6 21.Nc5 Nd4 22.Be4 Bxe4
23.fxe4 Qxf2 24.Rxf2 Ne6 25.Nd3 Nc5 26.Re2 Re6 27.Nf2 Rxd1+ 28.Nxd1 Rf6 29.b4 Rf1
30.Kc1 Ne6 31.Kd2 Ng5 32.Nc3 Rg1 33.Na4 Rxg4 34.Nc5 b5 35.Nd7 Kg7 36.Nxe5 Rh4
37.Kd3 Rh3+ 38.Kd4 Ne6+  0-1

[Event "2nd Isthmia Open A"]
[Site "Korinthia GRE"]
[Date "2012.08.22"]
[Round "6.14"]
[White "Kokolias,K"]
[Black "Akshayraj,K"]
[Result "0-1"]
[WhiteElo "2205"]
[BlackElo "2483"]

1.e4 c5 2.Nf3 d6 3.d4 cxd4 4.Nxd4 Nf6 5.Nc3 a6 6.f3 e5 7.Nb3 Be6 8.Be3 Be7
9.Qd2 h5 10.O-O-O Nbd7 11.Be2 b5 12.Kb1 Qc7 13.h3 h4 14.f4 Rc8 15.f5 Bc4
16.Rc1 Nb6 17.Bxb6 Qxb6 18.Nd5 Bxd5 19.exd5 O-O 20.Rhe1 b4 21.Qd3 a5 22.Nd2 e4
23.Qb5 Qd4 24.Nb3 Qe5 25.Nxa5 Nxd5 26.Nc6 Rxc6 27.Qxc6 Bf6 28.c3 bxc3 29.Bd3 cxb2
30.Rc2 exd3 31.Rxe5 dxc2+ 32.Kxb2 Bxe5+ 33.Kb3 Bc3  0-1

[Event "EY Girls U16 2012"]
[Site "Prague CZE"]
[Date "2012.08.22"]
[Round "6.21"]
[White "Foster,Chantelle L"]
[Black "Bezkorovaina,M"]
[Result "0-1"]
[WhiteElo "1824"]
[BlackElo "2056"]

1.e4 c5 2.Nf3 d6 3.d4 cxd4 4.Nxd4 Nf6 5.Nc3 a6 6.f3 e5 7.Nb3 Be6 8.Be3 Be7
9.Qd2 O-O 10.O-O-O Nbd7 11.g4 Rc8 12.Kb1 b5 13.g5 Nh5 14.Nd5 Bxd5 15.exd5 Nb6
16.Qf2 Nc4 17.Bxc4 bxc4 18.Bb6 Qd7 19.Na5 Bxg5 20.Rhg1 Bf6 21.Nc6 Nf4 22.Qd2 c3
23.Qxc3 Nxd5 24.Rxd5 Rxc6 25.Qe3 Qf5 26.Rd2 Rb8 27.Ba5 e4 28.b3 Qxa5 29.fxe4 Rc5
30.Rxd6 Qxa2+  0-1

[Event "EY Girls U16 2012"]
[Site "Prague CZE"]
[Date "2012.08.24"]
[Round "8.19"]
[White "Szente Varga,F"]
[Black "Rojikova,Lenka"]
[Result "1-0"]
[WhiteElo "2053"]
[BlackElo "1866"]

1.e4 c5 2.Nf3 d6 3.d4 cxd4 4.Nxd4 Nf6 5.Nc3 a6 6.f3 e5 7.Nb3 Be6 8.Be3 Nbd7
9.Qd2 b5 10.g4 Nb6 11.Bxb6 Qxb6 12.h4 Be7 13.O-O-O O-O 14.h5 b4 15.Nd5 Bxd5
16.exd5 h6 17.Kb1 Nd7 18.f4 exf4 19.Qxf4 Bg5 20.Qg3 Rfe8 21.Bg2 Re3 22.Qf2 Rae8
23.Rhf1 Nf6 24.Bf3 Qc7 25.Nd4 Ne4 26.Qg2 Qa5 27.Nc6 Qc5 28.Bxe4 R8xe4 29.Qf2 Bf6
30.Qf5 Re2 31.Rc1 Qe3 32.Qc8+ Kh7 33.Qd7 Rxg4 34.Qxg4  1-0

[Event "12th World Uni Women"]
[Site "Guimaraes POR"]
[Date "2012.08.25"]
[Round "9.5"]
[White "Fuchs,Ju"]
[Black "Kadziolka,B"]
[Result "1-0"]
[WhiteElo "2268"]
[BlackElo "2311"]

1.e4 c5 2.Nf3 d6 3.d4 cxd4 4.Nxd4 Nf6 5.Nc3 a6 6.f3 e5 7.Nb3 Be6 8.Be3 Be7
9.Qd2 O-O 10.O-O-O Nbd7 11.g4 Qc7 12.g5 Nh5 13.Qf2 b5 14.Kb1 b4 15.Nd5 Bxd5
16.Rxd5 a5 17.Bh3 a4 18.Nc1 Rfb8 19.Bg4 Nf4 20.Bxf4 exf4 21.Bxd7 Qxd7 22.h4 Rb5
23.Qd2 Rc8 24.Qxf4 a3 25.b3 Rbc5 26.Rxc5 dxc5 27.e5 c4 28.Qg4 Qb7 29.bxc4 Qa6
30.Rd1 Rxc4 31.Qd7 Bf8 32.Rd4 Rc6 33.Rf4 f6 34.gxf6 g6 35.Rxb4 Qa5 36.Rb3 Qc5
37.c3 Rb6 38.e6 Qf5+ 39.Ka1 Rxe6 40.Rb7  1-0

[Event "BDO Challengers 2012"]
[Site "Haarlem NED"]
[Date "2012.08.25"]
[Round "1.3"]
[White "Schoorl,R"]
[Black "Van Delft,M"]
[Result "1-0"]
[WhiteElo "2341"]
[BlackElo "2391"]

1.e4 c5 2.Nf3 d6 3.d4 cxd4 4.Nxd4 Nf6 5.Nc3 a6 6.f3 e5 7.Nb3 Be6 8.Be3 h5
9.Qd2 Nbd7 10.O-O-O Rc8 11.Kb1 Qc7 12.g3 b5 13.Nd5 Bxd5 14.exd5 Nb6 15.Bxb6 Qxb6
16.Bh3 Rc4 17.Rhe1 g6 18.f4 Ne4 19.Qg2 f5 20.fxe5 dxe5 21.d6 Bxd6 22.Nd2 Nxd2+
23.Qxd2 Rc6 24.Qd5 Kf8 25.Bg2 e4 26.Bxe4 fxe4 27.Rf1+ Kg7 28.Qf7+ Kh6 29.Rf6 Be5
30.Qxg6+  1-0

[Event "e2e4 Hinckley Open 2012"]
[Site "Hinckley ENG"]
[Date "2012.08.26"]
[Round "4.7"]
[White "Weaving,Richard"]
[Black "Kreuzer,C"]
[Result "1-0"]
[WhiteElo "2149"]
[BlackElo "1947"]

1.e4 c5 2.Nf3 d6 3.d4 cxd4 4.Nxd4 Nf6 5.Nc3 a6 6.f3 e5 7.Nb3 Be6 8.Be3 Be7
9.Qd2 Qc7 10.g4 Nbd7 11.O-O-O Rc8 12.g5 Nh5 13.Nd5 Bxd5 14.exd5 Nb6 15.Kb1 Nc4
16.Bxc4 Qxc4 17.Rhg1 O-O 18.Rg4 Qc7 19.Na5 Nf4 20.Bxf4 exf4 21.h4 f6 22.Nb3 fxg5
23.hxg5 Rf5 24.Re1 Bxg5 25.Qd3 Qf7 26.c4 h6 27.Nd4 Rf6 28.Rg2 Bh4 29.Re4 Rg6
30.Rge2 Rg1+ 31.Kc2 Qxd5 32.Re8+ Rxe8 33.Rxe8+ Kf7 34.cxd5 Kxe8 35.Qe4+ Kd7
36.Qe6+ Kc7 37.Nf5  1-0

[Event "11th Kesarovski-Stanchev Mem"]
[Site "Sunny Beach BUL"]
[Date "2012.09.01"]
[Round "1.28"]
[White "Amarandei,R"]
[Black "Ivanov,StojanL"]
[Result "0-1"]
[WhiteElo "1929"]
[BlackElo "2303"]

1.e4 c5 2.Nf3 d6 3.d4 cxd4 4.Nxd4 Nf6 5.Nc3 a6 6.f3 e5 7.Nb3 Be6 8.Bg5 Nbd7
9.Qd2 Be7 10.Be2 O-O 11.h4 Rc8 12.h5 h6 13.Be3 Qc7 14.g4 b5 15.g5 hxg5 16.Bxg5 b4
17.Nd1 a5 18.h6 g6 19.h7+ Kh8 20.Bh6 Rfd8 21.Ne3 a4 22.Nc1 d5 23.exd5 Nb6
24.Bd3 Nbxd5 25.Nf5 Bxf5 26.Bxf5 Rb8 27.Nd3 Nf4 28.Be4 b3 29.axb3 axb3 30.Bxf4 exf4
31.Qxf4 Qxf4 32.Nxf4 Nxe4 33.fxe4 bxc2 34.Ke2 Rxb2 35.Rac1 Bg5 36.Kf3 Rc8
37.Kg4 Be7 38.Nd3 Ba3 39.Ne5 Rb7 40.Nd3 Bxc1 41.Rxc1 Rb1  0-1

[Event "World Youth U16 Olympiad 2012"]
[Site "Istanbul TUR"]
[Date "2012.09.03"]
[Round "7.12"]
[White "Nayhebaver,Martin"]
[Black "Ozgur,T"]
[Result "1-0"]
[WhiteElo "2124"]
[BlackElo "1653"]

1.e4 c5 2.Nf3 d6 3.d4 cxd4 4.Nxd4 Nf6 5.Nc3 a6 6.f3 e5 7.Nb3 Be6 8.Be3 Be7
9.Qd2 O-O 10.g4 d5 11.exd5 Nxd5 12.Nxd5 Qxd5 13.O-O-O Rd8 14.Qxd5 Rxd5 15.Bd3 Nd7
16.Be4 Rb5 17.Kb1 Nf6 18.Bd3 Rd5 19.g5 Ne8 20.Be4 Rb5 21.a4 Rb4 22.Bc5 Bxc5
23.Nxc5 Bh3 24.Nd3 Rxa4 25.Nxe5 Rb4 26.Nd3 Rb5 27.Nf4 Bf5 28.Nd5 Be6 29.Rhe1 Kf8
30.f4 Rd8 31.Nc3 Rxd1+ 32.Rxd1 Rb6 33.f5 Bc4 34.b3 Bb5 35.Nxb5 Rxb5 36.Rd7 b6
37.Bd5 Nc7 38.Rxf7+ Kg8 39.Bc4 Rc5 40.Rxc7+  1-0

[Event "US Chess League 2012"]
[Site "ICC INT"]
[Date "2012.09.04"]
[Round "1"]
[White "Bournival,B"]
[Black "Kapengut,A"]
[Result "0-1"]
[WhiteElo "2323"]
[BlackElo "2391"]

1.e4 c5 2.Nf3 d6 3.d4 cxd4 4.Nxd4 Nf6 5.Nc3 a6 6.f3 Qb6 7.Nb3 e6 8.Qe2 Nc6
9.g4 d5 10.g5 d4 11.Nb1 Nd7 12.c3 e5 13.N1d2 Be7 14.h4 O-O 15.Qg2 Nc5 16.Bc4 Be6
17.Nxc5 Qxc5 18.Bxe6 fxe6 19.Nb3 Qc4 20.Nd2 Qc5 21.Nb3 Qb5 22.g6 dxc3 23.gxh7+ Kh8
24.bxc3 Qd3 25.Rh3 Rxf3 26.Rxf3 Bxh4+ 27.Rf2 Rf8 28.Bd2 Rxf2 29.Qxf2 Bxf2+
30.Kxf2 Na5 31.Rd1 Nc4 32.Nc5 Qc2 33.Ke2 a5 34.a4 b6 35.Nd3 Qxa4 36.Ne1 Nb2
37.Rc1 Qxe4+ 38.Kf2 a4 39.c4 Nxc4 40.Nf3 b5 41.Re1 Qc2 42.Re2 e4 43.Ne1 Qxd2
44.Rxd2 e3+  0-1

[Event "9th LGA Premium Cup"]
[Site "Nuernberg GER"]
[Date "2012.09.06"]
[Round "1.74"]
[White "Heinz,Friedrich"]
[Black "Wulfmeyer,J"]
[Result "0-1"]
[WhiteElo "1838"]
[BlackElo "2226"]

1.e4 c5 2.Nf3 d6 3.d4 cxd4 4.Nxd4 Nf6 5.Nc3 a6 6.Be3 Ng4 7.Bc1 Nf6 8.f3 e5
9.Nb3 Be6 10.Bg5 Be7 11.Qd2 Nbd7 12.O-O-O Rc8 13.Kb1 b5 14.Qe3 O-O 15.h3 Qc7
16.Rd2 Nb6 17.f4 Rfe8 18.Be2 Bc4 19.Rhd1 b4 20.Nd5 Nfxd5 21.exd5 exf4 22.Bxf4 Bg5
23.Qg3 Bxf4 24.Qxf4 Rxe2 25.Rxe2 Bxe2 26.Rd2 Bc4 27.Na5 Bxd5 28.Qxb4 Qc5
29.Qxc5 dxc5 30.b3 h5 31.c4 Ba8 32.Rd6 Rb8 33.Kb2 Bxg2 34.h4 f5 35.a3 f4  0-1

[Event "9th LGA Premium Cup"]
[Site "Nuernberg GER"]
[Date "2012.09.09"]
[Round "6.87"]
[White "Heinz,Friedrich"]
[Black "Felser,M"]
[Result "0-1"]
[WhiteElo "1838"]
[BlackElo "1869"]

1.e4 c5 2.Nf3 d6 3.d4 cxd4 4.Nxd4 Nf6 5.Nc3 a6 6.f3 e6 7.Bg5 Be7 8.Bc4 O-O
9.Bb3 Qc7 10.Qd2 Nc6 11.Nde2 Rd8 12.a3 b5 13.O-O Na5 14.Ba2 Nc4 15.Qc1 Qc5+
16.Kh1 h6 17.Bh4 Bb7 18.Bf2 Qc7 19.b3 Ne5 20.Bd4 Nc6 21.Bf2 Rac8 22.b4 Ne5
23.Bb3 Nc4 24.a4 bxa4 25.Nxa4 d5 26.Bxc4 Qxc4 27.Bc5 Bxc5 28.Nxc5 Rxc5 29.bxc5 Qxe2
30.Rb1 Bc6 31.exd5 Rxd5 32.Re1 Qc4 33.Rb6 Rxc5 34.Qa1 Bb5 35.Rc1 Qc3  0-1

[Event "TCh-SRB Prem w 2012"]
[Site "Valjevo SRB"]
[Date "2012.09.17"]
[Round "1.3"]
[White "Milanovic,Ma"]
[Black "Milosevic,Jo"]
[Result "1-0"]
[WhiteElo "1971"]
[BlackElo "1787"]

1.e4 c5 2.Nf3 d6 3.d4 cxd4 4.Nxd4 Nf6 5.Nc3 a6 6.f3 e5 7.Nb3 Be6 8.Be3 Be7
9.Qd2 Nbd7 10.O-O-O b5 11.g4 Nb6 12.Qf2 Nfd7 13.Kb1 O-O 14.Rg1 b4 15.Nd5 Bxd5
16.exd5 a5 17.g5 a4 18.Nc1 Qc7 19.Rg4 a3 20.Rxb4 Na4 21.Rc4 Qb7 22.Nd3 Nxb2
23.Rb4 Nxd1 24.Rxb7 Nxf2 25.Nxf2 Rab8 26.Rb3 f6 27.gxf6 Nxf6 28.c4 Nh5 29.Be2 Nf4
30.Bxf4 Rxb3+ 31.axb3 Rxf4 32.Ka2 Rh4 33.h3 e4 34.Nxe4 Rxh3 35.Kxa3 Rh1 36.Ka4 Re1
37.Bd3 Re3 38.Bf1 Rxf3 39.Bg2 Rd3 40.b4 Kf7 41.Kb5 h5 42.Kc6 Rd4 43.c5 Rxb4
44.Nxd6+ Bxd6 45.Kxd6 g5 46.c6 Rc4 47.Kd7 g4 48.d6 Kf6 49.c7 Ke5 50.Bc6  1-0

[Event "zt 3.5 China Men 2012"]
[Site "Beijing CHN"]
[Date "2012.09.18"]
[Round "7.15"]
[White "Dai,Changren"]
[Black "Wang,Hao B"]
[Result "1-0"]
[WhiteElo "2134"]
[BlackElo "2185"]

1.e4 c5 2.Nf3 d6 3.d4 cxd4 4.Nxd4 Nf6 5.Nc3 a6 6.f3 e5 7.Nb3 Be6 8.Be3 Be7
9.Qd2 O-O 10.O-O-O Nc6 11.Nd5 Bxd5 12.exd5 Nb8 13.g4 Nbd7 14.Kb1 a5 15.g5 Nh5
16.Rg1 Qc7 17.a4 Nb6 18.Rg4 Rfc8 19.Qf2 Bd8 20.Rd3 f5 21.Rh4 Nf4 22.Rc3 Qd7
23.Bb5 Qf7 24.Rxf4 Rxc3 25.bxc3 Nxd5 26.Rc4 f4 27.Bd2 Bxg5 28.Qg2 Bf6 29.Qh3 Nb6
30.Re4 d5 31.Re2 g6 32.Nc5 Qe7 33.Qe6+ Qxe6 34.Nxe6 Rc8 35.h4 h6 36.Nxf4 exf4
37.Re6 Bd8 38.Rxg6+ Kh7 39.Bd3 Kh8 40.Bxf4 Nxa4 41.Be5+  1-0

[Event "DYTM KL Open 2012"]
[Site "Kuala Lumpur MAS"]
[Date "2012.09.18"]
[Round "1.25"]
[White "Kumar,Sri Shiva"]
[Black "Ng Tze Han"]
[Result "0-1"]
[WhiteElo "1654"]
[BlackElo "2285"]

1.e4 c5 2.Nf3 d6 3.d4 cxd4 4.Nxd4 Nf6 5.Nc3 a6 6.f3 e6 7.Be3 b5 8.a3 Nbd7
9.Be2 Bb7 10.Qd2 Rc8 11.O-O Be7 12.Rad1 O-O 13.Nb3 Ne5 14.Nc1 Qc7 15.Qe1 d5
16.exd5 Nxd5 17.Nxd5 Bxd5 18.c3 Bd6 19.f4 Nc4 20.Bxc4 Bxc4 21.Rf2 Rfe8 22.Qd2 Rcd8
23.Qc2 e5 24.f5 e4 25.g4 Bxh2+ 26.Rxh2 Qg3+ 27.Rg2 Qxe3+ 28.Kh2 Qf4+ 29.Kg1 Qf3
30.Rd4 Rxd4 31.cxd4 e3 32.Ne2 Bd5 33.Ng3 Qxg2+ 34.Qxg2 Bxg2  0-1

[Event "zt 3.5 China Men 2012"]
[Site "Beijing CHN"]
[Date "2012.09.20"]
[Round "11.12"]
[White "Dai,Changren"]
[Black "Lan,Zilun"]
[Result "1/2-1/2"]
[WhiteElo "2134"]
[BlackElo "2185"]

1.e4 c5 2.Nf3 d6 3.d4 Nf6 4.Nc3 cxd4 5.Nxd4 a6 6.f3 e5 7.Nb3 Be6 8.Be3 h5
9.Qd2 Nbd7 10.O-O-O Qc7 11.Nd5 Bxd5 12.exd5 g6 13.Kb1 Rc8 14.c4 Bg7 15.Rc1 b6
16.h3 Nc5 17.Na1 h4 18.Bd3 Nh5 19.Rhe1 Nxd3 20.Qxd3 Kf8 21.Qb3 Rb8 22.Nc2 Bh6
23.Bxh6+ Rxh6 24.Qa3 Kg7 25.Nb4 Ra8 26.Nd3 Ng3 27.f4 f6 28.Qc3 Rf8 29.Rcd1 Rh5
30.b4 Rf5 31.fxe5 fxe5 32.c5 Kh7 33.Nxe5 Rxe5 34.Rxe5 dxe5 35.d6 Qc6 36.Qxe5 Nf5
37.d7 Rd8 38.Qd5 Qb5 39.c6 Qxb4+ 40.Qb3 Qe4+ 41.Qc2  1/2-1/2

[Event "3rd Konig Memorial"]
[Site "San Francisco USA"]
[Date "2012.09.22"]
[Round "1"]
[White "Browne,W"]
[Black "Anka,E"]
[Result "1/2-1/2"]
[WhiteElo "2449"]
[BlackElo "2382"]

1.e4 c5 2.Nf3 d6 3.d4 cxd4 4.Nxd4 Nf6 5.Nc3 a6 6.f3 e5 7.Nb3 Be6 8.Be3 Be7
9.Qd2 O-O 10.O-O-O Qc7 11.g4 Rc8 12.g5 Nh5 13.Kb1 b5 14.Nd5 Bxd5 15.exd5 Nd7
16.Bh3 Re8 17.Bg4 Nf4 18.Bxf4 exf4 19.Bxd7 Qxd7 20.Qxf4 Bf8 21.Rhe1 g6 22.Nd4 Rxe1
23.Rxe1 Re8 24.Rxe8 Qxe8 25.Qe4 Qc8 26.h4 Qc4 27.c3 Qf1+ 28.Kc2 h6 29.gxh6 Bxh6
30.Ne2 Bg7 31.a3 Bf6 32.h5 gxh5 33.Nf4  1/2-1/2

[Event "3rd Konig Memorial"]
[Site "San Francisco USA"]
[Date "2012.09.22"]
[Round "4"]
[White "Browne,W"]
[Black "Shankland,S"]
[Result "0-1"]
[WhiteElo "2449"]
[BlackElo "2597"]

1.e4 c5 2.Nf3 d6 3.d4 cxd4 4.Nxd4 Nf6 5.Nc3 a6 6.f3 e5 7.Nb3 Be6 8.Be3 h5
9.Qd2 Nbd7 10.O-O-O Be7 11.Kb1 Qc7 12.f4 b5 13.Nd5 Bxd5 14.exd5 O-O 15.Be2 Rac8
16.c3 Rfe8 17.Rhg1 Ng4 18.Rgf1 Bf6 19.f5 Nxe3 20.Qxe3 Nb6 21.Qe4 Na4 22.Rc1 Qb6
23.Rc2 a5 24.Bxh5 Rc4 25.Qe1 b4 26.Be2 Rc7 27.c4 e4 28.g4 Nc5 29.g5 Bxg5
30.f6 Nxb3 31.Qg3 Qe3 32.Qxe3 Bxe3 33.axb3 Re5 34.Bg4 Rg5 35.h3 Bd4 36.fxg7 Kxg7
37.Rf4 Be5 38.Rxe4 Rc5 39.h4 Rg6 40.Rf2 Rh6 41.Rg2 Kf8 42.Bf5 Rf6 43.Rg5 Rc7
44.Kc2 Re7 45.Kb1 Re8 46.Reg4 Ke7 47.Re4 Kd8 48.Kc2 Kc7 49.Bg4 Rf2+ 50.Re2 Rxe2+
51.Bxe2 Bf6 52.Rg2 Bxh4 53.Bh5 Re7 54.Rg7 f5 55.Rxe7+ Bxe7 56.Bg6 f4 57.Kd3 Kb6
58.Ke4 Bg5 59.Be8 Kc5 60.Bd7 Bh6 61.Be8 Kb6 62.Bd7 Kc7 63.Bc6 Kd8 64.Ba4 Ke7
65.Bc6 Kf6 66.Bd7 Kg5 67.Kf3 Bg7 68.Ke4 Bxb2 69.Kf3 Bd4 70.Ke4 Bb6 71.Kf3 Bc5
72.Ke4 a4 73.bxa4 b3 74.Kd3 Bb4 75.a5 Bxa5 76.c5 dxc5 77.d6 c4+  0-1